000 00502nam a2200181Ia 4500
999 _c13780
_d13780
003 OSt
005 20201113104009.0
008 190216s9999||||xx |||||||||||||| ||und||
020 _a8122201059
040 _coclc
082 _a823.9
_bRAO/K
100 _a Rao, Raja
_95922
245 0 _aKanthapura /
_bRaja Rao
260 _bOrient Paper Books,
_c1992.
_aNew delhi:
300 _a184p
650 _aEnglish Story-English Story
942 _cBK
_2ddc
_h823.9
_iRAO/K
_k823.9
_mRAO/K